Normal view
MARC view
Entry Personal Name
001 - CONTROL NUMBER
- control field: 10879
003 - CONTROL NUMBER IDENTIFIER
- control field: BD-RjUL
005 - DATE AND TIME OF LATEST TRANSACTION
- control field: 20240116142848.0
008 - FIXED-LENGTH DATA ELEMENTS
- fixed length control field: 240116|| aca||aabn | a|a d
040 ## - CATALOGING SOURCE
- Original cataloging agency: BD-RjUL
- Transcribing agency: BD-RjUL
100 ## - HEADING--PERSONAL NAME
- Personal name: Arthur,
- Titles and other words associated with a name: King
670 ## - SOURCE DATA FOUND
- Source citation: Work cat.: (BD-RjUL)82645: Geoffrey, of Monmouth, Bishop of St. Asaph, 1100?-1154 10878, Histories of the kings of Britain /, 1904.